01334nam a2200265 a 4500001001000000003000900010005001700019008004100036020001800077040002500095082001500120100004400135245011100179260003600290300003600326500006800362590002700430700005000457942001400507952011600521952013800637952013800775952013800913999001701051000048361DO-SdBNP20220405100454.0190212s2018 dr ac 000 0 spa d a9789945597523 aDO-SdBNPbspacBNPHU axxxbT554d1 aTiburcio Gómez, Esteband1978-97577814aLos 10 pecados de la adolescencia. /cEsteban Tiburcio Gómez ; prólogo Bélgica A. Lazala Calderón. aSanto Domingo, :bCotoy,c2018. a121 p. :bil., retrs. ;c22 cm. aIncluye datos biografícos del autor en la solapa de laportada aInventariado, 2019/ YL12aLazala Calderón, Bélgica A.eprol.975779 2ddccLBS1 00102ddc53708PDaPDbPDcHDd2019-01-12eAbel Camilo l0oxxx T554dp48361-10r2020-06-25w2020-06-25yLBS1 00102ddc53708PDaBNPHUbBNPHUcHDd2020-04-09eFondo Editorial Cotuil0oxxx T554dp2022-1119r2022-04-05te. 2w2022-04-05yLBS1 00102ddc56708PDaBNPHUbBNPHUcHDd2020-04-09eFondo Editorial Cotuil0oxxx T554dp2022-1120r2022-04-05te. 3w2022-04-05yLBS1 00102ddc56708PDaBNPHUbBNPHUcHDd2020-04-09eFondo Editorial Cotuil0oxxx T554dp2022-1121r2022-04-05te. 4w2022-04-05yLBS1 c47849d47849